岩手県の市町村 人口順 - Statistics

General Stats
  • This quiz has been taken 39 times
  • The average score is 26 of 33
Answer Stats
Answer 人口 % Correct
1 盛岡市 280,902
100%
2 奥州市 106,206
100%
4 北上市 91,942
100%
3 一関市 103,959
97%
5 花巻市 88,744
97%
9 大船渡市 31,653
97%
13 二戸市 23,497
97%
7 宮古市 45,385
94%
10 久慈市 30,138
91%
16 陸前高田市 16,886
91%
26 平泉町 6,639
91%
15 八幡平市 22,265
88%
22 一戸町 10,208
88%
6 滝沢市 54,562
84%
8 紫波町 31,677
84%
11 釜石市 29,087
84%
20 山田町 13,131
81%
28 九戸村 4,844
81%
14 遠野市 23,287
78%
24 岩泉町 7,683
75%
12 矢巾町 27,133
72%
21 岩手町 11,029
72%
23 大槌町 10,073
72%
30 西和賀町 4,460
72%
17 金ケ崎町 15,067
69%
18 雫石町 14,564
69%
31 野田村 3,637
69%
32 田野畑村 2,740
69%
33 普代村 2,212
66%
19 洋野町 13,763
56%
25 軽米町 7,512
56%
27 葛巻町 5,061
50%
29 住田町 4,461
47%
No matching quizzes found
Score Distribution
Percent of People with Each Score
Percentile by Number Answered
Your Score History
You have not taken this quiz